Účtovníctvo zdravotných poisťovní
Zdravotné poisťovne poskytujú verejné zdravotné poistenie, svojou podstatou patria do systému sociálneho poistenia, ale v oblasti účtovania sú súčasťou komerčného systému poistenia. Novela postupov účtovania a výkazov individuálnej účtovnej závierky.
Gespeichert in:
| 1. Verfasser: | |
|---|---|
| Format: | Buchkapitel |
| Sprache: | Slowakisch |
| Schlagworte: | |
| Tags: |
Keine Tags, Fügen Sie das erste Tag hinzu!
|
MARC
| LEADER | 00000naa$a2200000$$$4500 | ||
|---|---|---|---|
| 001 | 0075950 | ||
| 005 | 20240502071905.1 | ||
| 041 | 0 | |a slo | |
| 044 | |a SK | ||
| 245 | 1 | 0 | |a Účtovníctvo zdravotných poisťovní |c Zuzana Juhászová |
| 520 | |a Zdravotné poisťovne poskytujú verejné zdravotné poistenie, svojou podstatou patria do systému sociálneho poistenia, ale v oblasti účtovania sú súčasťou komerčného systému poistenia. Novela postupov účtovania a výkazov individuálnej účtovnej závierky. | ||
| 610 | 2 | 0 | |a poisťovne zdravotné |
| 610 | 2 | 0 | |a postupy účtovné |
| 610 | 2 | 0 | |a novelizácia |
| 610 | 2 | 0 | |a výkazníctvo účtovné |
| 100 | 1 | |a Juhászová, Zuzana, 1970- | |